000 01737nam0a2200385 4500
001 RU\NLR\bibl\1208722
005 20260406162430.0
010 _a978-5-382-00309-2
021 _aRU
_b2008-8678
_9481
035 _a(NLR Aleph) 001195159
090 _a1742194
_c1742194
100 _a20080401d2007 |||y0rusy50 ca
101 1 _arus
_cfre
102 _aRU
105 _ay |||||||||
200 1 _aСтоицизм и христианство
_eЭпиктет, Марк Аврелий и Паскаль
_fЖ.М. Гюйо
_gпер. с фр. И. Нахамкиса и М. Энгельгардта
205 _aИзд. 2-е
210 _aМосква
_cURSS
_cИзд-во ЛКИ
_d2007
215 _a108 с.
_d22
225 1 _aИз наследия мировой философской мысли: философия античности
320 _aБиблиогр. в подстроч. прим.
606 1 _aСтоицизм
_xИстория
_92334449
_3RU\NLR\auth\661395779
606 1 _aФилософия французская
_z19 в.
_91369560
_3RU\NLR\auth\66259709
686 _aЮ3(0)323-231
686 _aЮ3(4Фр)6-648
700 1 _4070
_7ca
_8rus
_aГюйо
_bЖ. М.
_f1854-1888
_gЖан Мари
_9110142
_3RU\NLR\auth\7716
702 0 _4570
_7ca
_8rus
_aЭпиктет
_cфилософ
_fок.50-ок.138
_9117100
_3RU\NLR\AUTH\777161
702 0 _4570
_7ca
_8rus
_aМарк Аврелий Антонин
_cимператор римский
_f121-180
_966171
_3RU\NLR\AUTH\7783243
702 1 _4570
_7ca
_8rus
_aПаскаль
_bБ.
_f1623-1662
_gБлез
_9119163
_3RU\NLR\auth\779330
801 0 _aRU
_bNLR
_c20080401
_gRCR
801 1 _aRU
_bNLR
_c20080401
942 _cBOOK
980 _aNB